| 000 | 00907nam a2200289 a 4500 | ||
|---|---|---|---|
| 001 | 21106 | ||
| 003 | VRT | ||
| 005 | 20260213140311.0 | ||
| 008 | 240126e1968 xo g slo c | ||
| 035 | _aTNKK021505 | ||
| 039 | 9 |
_a202401261537 _bVLOAD _c202205111928 _dAUTHORITY _c201807031252 _dAUTHORITY _c201611301056 _dmbpksh04 |
|
| 040 |
_aTTKJF _bslo _cTTKJF _eAACR2 |
||
| 041 | 1 | _aslo | |
| 044 |
_axo _cSK |
||
| 100 | 1 | _aD'azeglio, Massimo | |
| 245 | 1 | 0 |
_aLesk a pád Florencie _cMassimo D'azeglio ; Z tal. orig. prel. Mikuláš Pažitka |
| 250 | _a1. vyd. | ||
| 260 |
_aBratislava _bSlovenský spisovateľ _c1968 |
||
| 300 | _a574 s. | ||
| 490 | 1 |
_aSPKK _vZv. 235 |
|
| 700 | 1 |
_aPažitka, Mikuláš, _d1918-2004 _4aut |
|
| 830 | 0 |
_aSpoločnosť priateľov krásnych kníh _vZv. 235 |
|
| 910 | _attkjf | ||
| 910 | _abpksh | ||
| 942 |
_2ddc _cKLDO _n0 |
||
| 949 |
_63869A18220 _abpksh821.131.1-31 _bbpksh68655 |
||
| 999 |
_c21106 _d21106 |
||